1980's Songs and Artists! - Statistics

General Stats
  • This quiz has been taken 205 times
  • The average score is 7 of 22
Answer Stats
Hint Answer % Correct
"Wake Me Up Before You Go-Go" Wham!
93%
"West End Girls" Pet Shop Boys
76%
"Danger Zone" Kenny Loggins
67%
This song was released in 1982 and is a "one hit wonder" by English new wave band 'A Flock of Seagulls'. "I Ran (So Far Away)"
42%
"Broken Wings" Mr. Mister
42%
This song was released by Kajagoogoo in 1983 and is known as a "one hit wonder". "Too Shy"
42%
"Rhythm Is Gonna Get You" Gloria Estefan
41%
This song was released in 1982 by English rock band 'The Clash'. "Rock the Casbah"
40%
Recorded in 1979, but released in 1980, this is a signature song by Christopher Cross. "Sailing"
38%
This song, released in 1984, was performed by Rockwell and features Michael Jackson on the chorus. "Somebody's Watching Me"
34%
"The Pleasure Principle" Janet Jackson
23%
"You Belong To The City" Glenn Frey
22%
"I Can Dream About You" Dan Hartman
19%
This song, released in 1986, is a #1 hit duet performed by Patti LaBelle and Michael McDonald. "On My Own"
18%
Singer 'Stacy Q' is best known for this 1986 hit. "Two of Hearts"
17%
This 1984 song by 'Wham!' is about a man who works hard to keep his materialistic woman happy. "Everything She Wants"
16%
"Sweet Freedom" Michael McDonald
16%
"Mercedes Boy" Pebbles
15%
"Silent Running" Mike & The Mechanics
13%
The group 'Timex Social Club' is best known for this hit song from 1986. "Rumors"
10%
"If It Isn't Love" New Edition
8%
This song was released by the 'Pet Shop Boys' in 1988 and is known for its Latin sound. "Domino Dancing"
4%
No matching quizzes found
Score Distribution
Percent of People with Each Score
Percentile by Number Answered
Your Score History
You have not taken this quiz